| 000 | 00727nam a2200253Ia 4500 | ||
|---|---|---|---|
| 003 | OSt | ||
| 005 | 20221005070107.0 | ||
| 006 | a|||||r|||| 00| 0 | ||
| 007 | ta | ||
| 008 | 221004b |||||||| |||| 00| 0 eng d | ||
| 020 | _a9788192678504 (pbk) | ||
| 024 | _a14163 | ||
| 037 |
_bGift, 28/10/2014, _cTextual |
||
| 040 |
_aCRL _cCRL _beng |
||
| 041 |
_2eng _aeng |
||
| 082 | _aO111,3N481,FF, Q3 | ||
| 100 |
_aMohan Deep _9207335 |
||
| 245 | 0 | _aFive foolish virgins | |
| 260 |
_aMumbai _bQuest Mercury internatioal Pvt. Ltd. India _c2013 |
||
| 300 |
_a403p. _ccm. |
||
| 650 | _aENGLISH LITERATURE | ||
| 942 |
_hO111,3N481,FF, Q3 _cTEXL _2cc |
||
| 999 |
_c975649 _d975649 |
||